LEADER 01371nam a2200301 i 4500 001 000000221986 003 CaOOAMICUS 005 20130827000000.0 008 130827s2009 it u000 u ita u 013 $a200883 020 $a978-88-95421-18-6 040 $aSeMil$bita 100 1 $aBormolini, Guidalberto,$d<1967- >.$0(OLS)http://semarc/name/68275 245 13$aLa barba di Aronne :$bi capelli lunghi e la barba nella vita religiosa /$cGuidalberto Bormolini. 260 $aFirenze :$bLibreria editrice fiorentina,$c2009. 300 $a155 p. ;$c21 cm. 490 0 $aRicerca del Graal : documenti e testi di spiritualità 500 $aFondo card. C. M. Martini. 650 4$aChiesa cattolica - Clero - Abbigliamento.$0(OLS)http://semarc/subject/8078 650 4$aOrdini religiosi - Abbigliamento.$0(OLS)http://semarc/subject/18264 830 0$aRicerca del Graal.$0(OLS)http://semarc/title/16990 850 $aSeMil 852 $aSeMil$W1$xVenegono$y1$m3D II 82$j172335$B172335$CSeMilBibl$Z2$F185302 $81 941 1 $a4 961 $aLascito: Martini Card. Carlo Maria 996 $6020$a978-88-95421-18-6$9(OLS)http://semarc/number/221294 996 $6245$aLa barba di Aronne :$bi capelli lunghi e la barba nella vita religiosa$9(OLS)http://semarc/title/318272 996 $6260$aFirenze :$bLibreria editrice fiorentina$9(OLS)http://semarc/publisher/29690 LEADER 01809nam a2200313 i 4500 001 000000055862 003 CaOOAMICUS 005 20131205000000.0 008 131205s1997 xx u000 u ger u 013 $a27034 020 $a3-506-79442-6 040 $aSeMil$bita 100 1 $aRieder, Bruno.$0(OLS)http://semarc/name/28148 245 10$aDeus locum dabit :$bStudien zur Theologie des Kartäuserpriors Guigo 1. (1083-1136) /$cBruno Rieder. 260 $aPaderborn [etc.] :$bFerdinand Schöningh,$c1997. 300 $aXXXVI, 335 p. ;$c24 cm. 490 0 $aVeröffentlichungen des Grabmann-Institutes zur Erforschung der mittelalterlichen Theologie und Philosophie. Neue Folge ;$v42 490 0 $aMünchener Universitätsschriften : Philosophische Fakultät Altertumskunde und Kulturwissenschaften 650 4$aTeologia - Medioevo.$0(OLS)http://semarc/subject/4293 650 4$aCertosini - Storia - Sec. 11.-12. - Fonti.$0(OLS)http://semarc/subject/11362 650 4$aGuigo .$0(OLS)http://semarc/subject/11363 830 0$aVeröffentlichungen des Grabmann-Institutes zur Erforschung der mittelalterlichen Theologie und Philosophie. Neue Folge ;$v42.$0(OLS)http://semarc/title/192 830 0$aMünchener Universitätsschriften : Philosophische Fakultät Altertumskunde und Kulturwissenschaften.$0(OLS)http://semarc/title/11289 850 $aSeMil 852 $aSeMil$W1$xVenegono$y1$m2N I 292$j22016$B22016$CSeMilBibl$Z2$F22018 $81 961 $aAcquisto: Casa editrice 996 $6020$a3-506-79442-6$9(OLS)http://semarc/number/30969 996 $6245$aDeus locum dabit :$bStudien zur Theologie des Kartäuserpriors Guigo 1. (1083-1136)$9(OLS)http://semarc/title/86732 996 $6260$aPaderborn [etc.] :$bFerdinand Schöningh$9(OLS)http://semarc/publisher/29622